| 000 | 00454nam a2200145Ia 4500 | ||
|---|---|---|---|
| 008 | 230917s9999||||xx |||||||||||||| ||und|| | ||
| 040 |
_e165988 _aMAIN |
||
| 041 | _aEnglish | ||
| 082 | _a891.437731 PC212U | ||
| 100 | _aपाराशर, चिरंजोलाल | ||
| 245 | 0 | _aउदघाटन का इंतजार | |
| 260 |
_aदिल्ली _bदिल्ली पुस्तक सदन _c1966 |
||
| 300 | _a359 p. | ||
| 942 | _cHN | ||
| 999 |
_c209832 _d209832 |
||